[Event "Titled Tuesday intern op 4th July"]
[Site "Chess.com INT"]
[Date "2017.07.04"]
[Round "5"]
[White "Kosteniuk, Alexandra"]
[Black "Seul, Georg"]
[Result "1-0"]
[WhiteElo "2533"]
[BlackElo "2404"]
[PlyCount "87"]
[EventDate "2017.07.04"]
[EventType "swiss (blitz)"]
[EventRounds "10"]
[EventCountry "USA"]
[SourceTitle "EXT 2021"]
[Source "ChessBase"]
[SourceDate "2020.10.23"]
[SourceVersion "1"]
[SourceVersionDate "2020.10.23"]
[SourceQuality "1"]

1. e4 d6 2. d4 g6 3. Nc3 Nf6 4. Be3 Bg7 5. Qd2 Ng4 6. Bg5 h6 7. Bh4 Nc6 8. Nf3
g5 9. Bg3 e5 10. Bb5 exd4 11. Nxd4 Nge5 12. Bxe5 Bxe5 13. Nxc6 bxc6 14. Bxc6+
Bd7 15. Bxa8 Qxa8 16. O-O O-O 17. h4 Qd8 18. Rab1 Kg7 19. Nd5 c6 20. Ne3 Qf6
21. Nc4 Bf4 22. Qc3 Qxc3 23. bxc3 Be6 24. Rb4 gxh4 25. Rd1 d5 26. exd5 cxd5 27.
Ne3 Bxe3 28. fxe3 Rc8 29. Rd3 h3 30. gxh3 Kf6 31. Kh2 Ke5 32. Rb5 Rc4 33. Rb4
Rc5 34. Rb3 Bf5 35. Rd2 Be4 36. Kg3 Rc6 37. Ra3 a6 38. c4 Rg6+ 39. Kh2 dxc4 40.
Ra5+ Kf6 41. Rd6+ Kg7 42. Rxg6+ fxg6 43. c3 Bd3 44. Rxa6 1-0

[Event "Erfurt m rapid (Women)"]
[Site "Erfurt"]
[Date "2017.08.02"]
[Round "3"]
[White "Paehtz, Elisabeth"]
[Black "Kosteniuk, Alexandra"]
[Result "1/2-1/2"]
[WhiteElo "2486"]
[BlackElo "2552"]
[PlyCount "94"]
[EventDate "2017.08.02"]
[EventType "match (rapid)"]
[EventRounds "4"]
[EventCountry "GER"]
[SourceTitle "CBM 179 Extra"]
[Source "ChessBase"]
[SourceDate "2017.08.23"]
[SourceVersion "1"]
[SourceVersionDate "2017.08.23"]
[SourceQuality "1"]

1. d4 Nf6 2. c4 e6 3. Nc3 Bb4 4. e3 O-O 5. Bd3 d5 6. a3 dxc4 7. Bxc4 Bd6 8. Nf3
a6 9. e4 Be7 10. O-O b5 11. Bd3 Bb7 12. Qc2 g6 13. Bh6 Re8 14. Rad1 Nbd7 15.
Rfe1 Ng4 16. Bf4 Bf8 17. h3 Ngf6 18. Bg5 Qc8 19. b4 Bg7 20. Rc1 Nb6 21. Nb1 c6
22. Nbd2 a5 23. Nb3 axb4 24. axb4 Nfd7 25. Na5 Bf8 26. Bd2 e5 27. Nxe5 Nxe5 28.
dxe5 Nd7 29. f4 Ra6 30. Qb3 Qb8 31. Bb1 c5 32. bxc5 Bxc5+ 33. Kh1 b4 34. Nxb7
Qxb7 35. Qd5 Qa7 36. Bd3 Ra5 37. Bc4 Nb6 38. Qd3 Nxc4 39. Qxc4 Qb6 40. Rb1 Rb5
41. Rb3 Rd8 42. Be3 Bxe3 43. Rexe3 Rd4 44. Qc8+ Rd8 45. Qc4 Rd4 46. Qc8+ Rd8
47. Qc4 Rd4 1/2-1/2

[Event "Erfurt m rapid (Women)"]
[Site "Erfurt"]
[Date "2017.08.02"]
[Round "4"]
[White "Kosteniuk, Alexandra"]
[Black "Paehtz, Elisabeth"]
[Result "0-1"]
[WhiteElo "2552"]
[BlackElo "2486"]
[PlyCount "104"]
[EventDate "2017.08.02"]
[EventType "match (rapid)"]
[EventRounds "4"]
[EventCountry "GER"]
[SourceTitle "CBM 179 Extra"]
[Source "ChessBase"]
[SourceDate "2017.08.23"]
[SourceVersion "1"]
[SourceVersionDate "2017.08.23"]
[SourceQuality "1"]

1. e4 e5 2. Nf3 Nc6 3. Bc4 Nf6 4. d3 Bc5 5. O-O d6 6. c3 a6 7. a4 Ba7 8. Be3
O-O 9. Nbd2 h6 10. Bxa7 Rxa7 11. b4 Ne7 12. Re1 Ng6 13. Nf1 Be6 14. Bb3 Ra8 15.
Ne3 Qd7 16. a5 Rad8 17. Nc4 Rfe8 18. Ba4 c6 19. Nb6 Qc7 20. d4 d5 21. exd5 Nxd5
22. Qc2 Bg4 23. Nxd5 Rxd5 24. Nd2 Rdd8 25. h3 Be6 26. Nf3 Bd5 27. Bb3 Bxf3 28.
Qxg6 Bd5 29. Bxd5 cxd5 30. Qg3 Rc8 31. Rxe5 Rxe5 32. dxe5 Qxc3 33. Qxc3 Rxc3
34. Rd1 Rc4 35. Rxd5 Rxb4 36. g4 g5 37. Kg2 Kf8 38. Rd6 Rb5 39. Rxh6 Rxa5 40.
e6 fxe6 41. Rxe6 Rb5 42. h4 gxh4 43. Kh3 a5 44. f4 a4 45. Rd6 Ra5 46. Rd8+ Ke7
47. Rb8 Ra7 48. Rc8 a3 49. Rc1 a2 50. Ra1 b5 51. g5 b4 52. f5 b3 0-1

[Event "Erfurt m rapid (Women)"]
[Site "Erfurt"]
[Date "2017.08.02"]
[Round "5"]
[White "Paehtz, Elisabeth"]
[Black "Kosteniuk, Alexandra"]
[Result "0-1"]
[WhiteElo "2486"]
[BlackElo "2552"]
[PlyCount "136"]
[EventDate "2017.08.02"]
[EventType "match (rapid)"]
[EventRounds "4"]
[EventCountry "GER"]
[SourceTitle "CBM 179 Extra"]
[Source "ChessBase"]
[SourceDate "2017.08.23"]
[SourceVersion "1"]
[SourceVersionDate "2017.08.23"]
[SourceQuality "1"]

1. d4 Nf6 2. c4 Nc6 3. Nf3 e6 4. g3 d5 5. Bg2 dxc4 6. O-O Rb8 7. e3 b5 8. b3
cxb3 9. axb3 Bb7 10. Qe2 a6 11. Bb2 Be7 12. Nbd2 O-O 13. Ne5 Nb4 14. Bxb7 Rxb7
15. Rfc1 Rb6 16. Ba3 a5 17. Ndf3 Ne4 18. Bb2 f6 19. Nd3 Nc6 20. Qc2 Ng5 21.
Nxg5 fxg5 22. Ne5 Nxe5 23. dxe5 c5 24. Rxa5 Rb7 25. Raa1 Qd5 26. Rd1 Qf3 27.
Rd2 Rc7 28. Qd1 Qxd1+ 29. Raxd1 g4 30. Ra1 Rfc8 31. Kg2 Kf7 32. h3 h5 33. hxg4
hxg4 34. Rc2 Rd7 35. Bd4 Rd5 36. Ra7 Ke8 37. Bc3 Rb8 38. Ba5 Rd7 39. Ra6 Kf7
40. Bb6 Rc8 41. Ba5 Rd3 42. Bc3 Rh8 43. Rc1 b4 44. Ba1 Rxb3 45. Ra7 Ra3 46.
Rxa3 bxa3 47. Rc4 Rb8 48. Rf4+ Ke8 49. Ra4 Rb3 50. Ra6 Kf7 51. Ra7 Rd3 52. Ra4
Rb3 53. Ra7 g5 54. Ra4 Bd8 55. Ra7+ Ke8 56. Ra6 Bb6 57. Ra4 Kd7 58. f3 gxf3+
59. Kxf3 Kc6 60. Ra8 c4 61. Rc8+ Kb5 62. Rb8 Rxe3+ 63. Kg4 Rd3 64. Kxg5 c3 65.
Rc8 Bc5 66. Rb8+ Kc4 67. Rb1 c2 68. Rf1 Rd1 0-1

[Event "Erfurt m rapid (Women)"]
[Site "Erfurt"]
[Date "2017.08.02"]
[Round "6"]
[White "Kosteniuk, Alexandra"]
[Black "Paehtz, Elisabeth"]
[Result "1/2-1/2"]
[WhiteElo "2552"]
[BlackElo "2486"]
[PlyCount "92"]
[EventDate "2017.08.02"]
[EventType "match (rapid)"]
[EventRounds "4"]
[EventCountry "GER"]
[SourceTitle "CBM 179 Extra"]
[Source "ChessBase"]
[SourceDate "2017.08.23"]
[SourceVersion "1"]
[SourceVersionDate "2017.08.23"]
[SourceQuality "1"]

1. e4 e5 2. Nf3 Nc6 3. Bb5 a6 4. Ba4 Nf6 5. O-O Be7 6. d3 b5 7. Bb3 d6 8. a3
O-O 9. Nc3 Nb8 10. Re1 Nbd7 11. Ne2 c5 12. Ng3 Nb6 13. c3 c4 14. Bc2 cxd3 15.
Qxd3 Qc7 16. Bg5 Be6 17. Nh4 g6 18. h3 Ne8 19. Bxe7 Qxe7 20. Nf3 Ng7 21. a4
bxa4 22. Bxa4 f5 23. Bc6 Bc4 24. Bd5+ Bxd5 25. exd5 Qb7 26. Qd2 e4 27. Ng5 Qxd5
28. Qxd5+ Nxd5 29. f3 e3 30. Rad1 Nf4 31. Rd4 h6 32. Rxf4 hxg5 33. Rd4 Rfd8 34.
Red1 f4 35. Ne4 Nf5 36. Rd5 Rab8 37. b4 Rb5 38. Kf1 Rc8 39. Ke2 Rcb8 40. Nxd6
Nxd6 41. Rxd6 a5 42. Rxg6+ Kf7 43. Rdd6 axb4 44. Rgf6+ Kg7 45. Rg6+ Kf7 46.
Rgf6+ Kg7 1/2-1/2

[Event "Erfurt m blitz (Women)"]
[Site "Erfurt"]
[Date "2017.08.03"]
[Round "1"]
[White "Paehtz, Elisabeth"]
[Black "Kosteniuk, Alexandra"]
[Result "0-1"]
[WhiteElo "2486"]
[BlackElo "2552"]
[PlyCount "132"]
[EventDate "2017.08.03"]
[EventType "match (blitz)"]
[EventRounds "8"]
[EventCountry "GER"]
[SourceTitle "CBM 179 Extra"]
[Source "ChessBase"]
[SourceDate "2017.08.23"]
[SourceVersion "1"]
[SourceVersionDate "2017.08.23"]
[SourceQuality "1"]

1. d4 Nf6 2. c4 e6 3. Nc3 Bb4 4. e3 b6 5. Be2 Bb7 6. Bf3 Ne4 7. Nge2 O-O 8. a3
Bxc3+ 9. Nxc3 f5 10. Bxe4 fxe4 11. Qg4 Qf6 12. O-O Qf5 13. Qxf5 Rxf5 14. b3 Na6
15. Bb2 Raf8 16. Rad1 d6 17. b4 d5 18. c5 c6 19. Rd2 Nc7 20. cxb6 axb6 21. Na4
Na8 22. Rc1 Ba6 23. Ba1 Bc4 24. Nb2 b5 25. Nd1 Nb6 26. Bb2 Ra8 27. Nc3 Bd3 28.
Nd1 Nc4 29. Bc3 Nxd2 30. Bxd2 Bc4 31. Rc3 Rf7 32. Bc1 g5 33. Nb2 h5 34. Nd1 Kg7
35. Rc2 Bb3 36. Rd2 Kg6 37. Nc3 Bc4 38. Nd1 g4 39. Nc3 h4 40. Nd1 g3 41. h3
Raf8 42. Bb2 gxf2+ 43. Rxf2 Rxf2 44. Nxf2 Be2 45. Bc1 Kf5 46. Bb2 Rg8 47. Kh2
Rg3 48. Bc1 e5 49. Nh1 Rg8 50. dxe5 Kxe5 51. Bb2+ Kf5 52. Nf2 Ke6 53. Bd4 Ra8
54. Bb2 Kd6 55. Kg1 c5 56. bxc5+ Kxc5 57. Nh1 Kc4 58. Kf2 Kd3 59. g3 Rf8+ 60.
Kg1 hxg3 61. Nxg3 Kxe3 62. Bc1+ Kf3 63. Nh5 d4 64. Kh2 e3 65. Ng7 Bc4 66. Bb2
d3 0-1

[Event "Erfurt m blitz (Women)"]
[Site "Erfurt"]
[Date "2017.08.03"]
[Round "2"]
[White "Kosteniuk, Alexandra"]
[Black "Paehtz, Elisabeth"]
[Result "0-1"]
[WhiteElo "2552"]
[BlackElo "2486"]
[PlyCount "176"]
[EventDate "2017.08.03"]
[EventType "match (blitz)"]
[EventRounds "8"]
[EventCountry "GER"]
[SourceTitle "CBM 179 Extra"]
[Source "ChessBase"]
[SourceDate "2017.08.23"]
[SourceVersion "1"]
[SourceVersionDate "2017.08.23"]
[SourceQuality "1"]

1. e4 e5 2. Nf3 Nc6 3. Bc4 Bc5 4. c3 Nf6 5. d3 a6 6. a4 d6 7. O-O Ba7 8. Na3
O-O 9. Bg5 h6 10. Bh4 g5 11. Bg3 Nh7 12. Ne1 g4 13. Kh1 h5 14. f4 h4 15. Bf2
exf4 16. Bxa7 Rxa7 17. Rxf4 Qg5 18. Qd2 Ne5 19. d4 Ng6 20. Rf2 Qxd2 21. Rxd2
Be6 22. Nd3 Ng5 23. Re1 Raa8 24. Nf2 g3 25. Nd3 Rae8 26. hxg3 Bxc4 27. Nxc4
Nxe4 28. Rdd1 Nxg3+ 29. Kh2 Kg7 30. Ne3 c6 31. Nc4 Rd8 32. Kg1 f6 33. Re3 d5
34. Na5 Rf7 35. Nc5 Rb8 36. Rde1 Kh7 37. Rf3 b6 38. Nxc6 Rc8 39. Ne6 Rxc6 40.
Nd8 Rcc7 41. Nxf7 Rxf7 42. Re6 Ne4 43. Rxb6 Rg7 44. Kh2 a5 45. Rb5 Nd2 46. Rxf6
Nc4 47. b3 Ne3 48. Rf3 Ng4+ 49. Kh3 Ne7 50. Rxa5 Nh6 51. Ra7 Kg6 52. Ra6+ Kh7
53. a5 Nef5 54. Rf6 Ne7 55. a6 Ng6 56. b4 Nh8 57. b5 N8f7 58. a7 Ng5+ 59. Kh2
Nxf3+ 60. gxf3 Rxa7 61. Ra6 Rb7 62. b6 Kh8 63. Kh3 Nf5 64. Kg4 Ne3+ 65. Kxh4
Nc4 66. Ra8+ Kg7 67. Ra7 Nd6 68. Kg4 Kf6 69. Kf4 Rxb6 70. Ke3 Nc4+ 71. Kf4 Rb3
72. Rd7 Ke6 73. Ra7 Rxc3 74. Ra6+ Nd6 75. Kg4 Rc4 76. f4 Rxd4 77. Kg5 Kd7 78.
f5 Rd1 79. Ra7+ Kc6 80. Ra6+ Kc5 81. Ra5+ Kd4 82. f6 Rg1+ 83. Kh6 Rf1 84. Kg6
Ke4 85. Ra6 Nc4 86. Kg7 Ne5 87. Ra2 d4 88. Re2+ Kd5 0-1

[Event "Erfurt m blitz (Women)"]
[Site "Erfurt"]
[Date "2017.08.03"]
[Round "3"]
[White "Paehtz, Elisabeth"]
[Black "Kosteniuk, Alexandra"]
[Result "1/2-1/2"]
[WhiteElo "2486"]
[BlackElo "2552"]
[PlyCount "97"]
[EventDate "2017.08.03"]
[EventType "match (blitz)"]
[EventRounds "8"]
[EventCountry "GER"]
[SourceTitle "CBM 179 Extra"]
[Source "ChessBase"]
[SourceDate "2017.08.23"]
[SourceVersion "1"]
[SourceVersionDate "2017.08.23"]
[SourceQuality "1"]

1. e4 e5 2. Nf3 Nc6 3. d4 exd4 4. Bc4 Bc5 5. c3 Nf6 6. e5 Ne4 7. cxd4 Bb4+ 8.
Nbd2 d5 9. Be2 O-O 10. O-O Nxd2 11. Bxd2 Bxd2 12. Qxd2 h6 13. h3 Bf5 14. Qf4
Qd7 15. Bb5 Qe6 16. Bxc6 bxc6 17. Nd2 Rab8 18. Nb3 Rb6 19. Nc5 Qg6 20. g4 Be6
21. b3 f5 22. exf6 Rxf6 23. Qg3 h5 24. f3 Rb8 25. Rae1 Rbf8 26. Kg2 hxg4 27.
hxg4 Bc8 28. b4 Rf4 29. Re3 Bxg4 30. Nd3 Rxd4 31. Ne5 Bxf3+ 32. Rexf3 Qxg3+ 33.
Kxg3 Rxf3+ 34. Rxf3 Rxb4 35. Nxc6 Ra4 36. Ne7+ Kh7 37. Rf5 g6 38. Rxd5 Rxa2 39.
Rd7 Kh6 40. Rxc7 Ra6 41. Nc8 Ra3+ 42. Kf2 a5 43. Ra7 Kh5 44. Nb6 g5 45. Rh7+
Kg6 46. Ra7 g4 47. Nc4 Ra2+ 48. Kg3 Kf5 49. Rxa5+ 1/2-1/2

[Event "Erfurt m blitz (Women)"]
[Site "Erfurt"]
[Date "2017.08.03"]
[Round "4"]
[White "Kosteniuk, Alexandra"]
[Black "Paehtz, Elisabeth"]
[Result "0-1"]
[WhiteElo "2552"]
[BlackElo "2486"]
[PlyCount "88"]
[EventDate "2017.08.03"]
[EventType "match (blitz)"]
[EventRounds "8"]
[EventCountry "GER"]
[SourceTitle "CBM 179 Extra"]
[Source "ChessBase"]
[SourceDate "2017.08.23"]
[SourceVersion "1"]
[SourceVersionDate "2017.08.23"]
[SourceQuality "1"]

1. e4 e5 2. Nf3 Nc6 3. Bc4 Bc5 4. O-O d6 5. d3 Nf6 6. h3 a6 7. a4 h6 8. c3 Ba7
9. Re1 g5 10. Nh2 Rg8 11. Be3 g4 12. Bxa7 Nxa7 13. d4 gxh3 14. g3 Nc6 15. Nd2
Qe7 16. Ndf3 Ng4 17. b4 Nxh2 18. Kxh2 Bg4 19. Be2 Nd8 20. dxe5 dxe5 21. Qd5
Bxf3 22. Bxf3 Qf6 23. Re3 c6 24. Qd3 Ne6 25. Qe2 Rd8 26. b5 axb5 27. axb5 Ng5
28. bxc6 bxc6 29. Ra5 Kf8 30. Ra2 Qd6 31. Bg4 Kg7 32. Qf1 Qc5 33. Rae2 Kh8 34.
Bf5 Rd6 35. f4 Ne6 36. Qf3 Ng7 37. Bxh3 Rgd8 38. fxe5 Qxe5 39. Qf4 Qxf4 40.
gxf4 Ne6 41. Kg3 Rd3 42. Kf3 Nc5 43. Ra2 Rxe3+ 44. Kxe3 Rd3+ 0-1

[Event "Erfurt m blitz (Women)"]
[Site "Erfurt"]
[Date "2017.08.03"]
[Round "5"]
[White "Paehtz, Elisabeth"]
[Black "Kosteniuk, Alexandra"]
[Result "0-1"]
[WhiteElo "2486"]
[BlackElo "2552"]
[PlyCount "76"]
[EventDate "2017.08.03"]
[EventType "match (blitz)"]
[EventRounds "8"]
[EventCountry "GER"]
[SourceTitle "CBM 179 Extra"]
[Source "ChessBase"]
[SourceDate "2017.08.23"]
[SourceVersion "1"]
[SourceVersionDate "2017.08.23"]
[SourceQuality "1"]

1. e4 c5 2. Nf3 Nc6 3. d4 cxd4 4. Nxd4 Nf6 5. Nc3 d6 6. f3 e5 7. Nb3 Be7 8. Be3
O-O 9. Be2 a5 10. a4 Be6 11. Nd5 Bxd5 12. exd5 Nb4 13. c4 b6 14. O-O Nd7 15.
Nc1 f5 16. Na2 Nxa2 17. Rxa2 Nc5 18. Ra3 Qc7 19. Rc3 Bf6 20. b3 f4 21. Bxc5
Qxc5+ 22. Kh1 e4 23. Rc2 Rae8 24. fxe4 Rxe4 25. Bg4 Be5 26. Be6+ Kh8 27. Re2
Re3 28. Rxe3 Qxe3 29. Qf3 Qd4 30. Rd1 Qb2 31. h3 g6 32. Re1 Kg7 33. Re2 Qa1+
34. Kh2 Bd4 35. h4 Qg1+ 36. Kh3 Qh1+ 37. Kg4 h5+ 38. Kg5 Bf6+ 0-1

[Event "Erfurt m blitz (Women)"]
[Site "Erfurt"]
[Date "2017.08.03"]
[Round "6"]
[White "Kosteniuk, Alexandra"]
[Black "Paehtz, Elisabeth"]
[Result "1-0"]
[WhiteElo "2552"]
[BlackElo "2486"]
[PlyCount "51"]
[EventDate "2017.08.03"]
[EventType "match (blitz)"]
[EventRounds "8"]
[EventCountry "GER"]
[SourceTitle "CBM 179 Extra"]
[Source "ChessBase"]
[SourceDate "2017.08.23"]
[SourceVersion "1"]
[SourceVersionDate "2017.08.23"]
[SourceQuality "1"]

1. e4 c5 2. Nf3 e6 3. d4 cxd4 4. Nxd4 a6 5. Nc3 Qc7 6. Bd3 Bc5 7. Nb3 Ba7 8.
Qg4 Nf6 9. Qxg7 Rg8 10. Qxf6 Rxg2 11. Bg5 d5 12. O-O-O d4 13. Ne2 Nc6 14. h4 e5
15. Qh8+ Kd7 16. Qxh7 Kd6 17. f4 Bg4 18. Rd2 a5 19. Kb1 a4 20. fxe5+ Ke6 21.
Bc4+ Kd7 22. Qxf7+ Kc8 23. Qg8+ Nd8 24. Nbxd4 Bb6 25. Nb5 Qxc4 26. Qxc4+ 1-0

[Event "Erfurt m blitz (Women)"]
[Site "Erfurt"]
[Date "2017.08.03"]
[Round "7"]
[White "Paehtz, Elisabeth"]
[Black "Kosteniuk, Alexandra"]
[Result "0-1"]
[WhiteElo "2486"]
[BlackElo "2552"]
[PlyCount "160"]
[EventDate "2017.08.03"]
[EventType "match (blitz)"]
[EventRounds "8"]
[EventCountry "GER"]
[SourceTitle "CBM 179 Extra"]
[Source "ChessBase"]
[SourceDate "2017.08.23"]
[SourceVersion "1"]
[SourceVersionDate "2017.08.23"]
[SourceQuality "1"]

1. e4 c5 2. Nc3 Nc6 3. Bb5 Nd4 4. Bc4 e6 5. Nge2 Qc7 6. d3 a6 7. Nxd4 cxd4 8.
Ne2 Bc5 9. O-O Ne7 10. Bb3 O-O 11. Bf4 d6 12. Bg3 b5 13. c3 dxc3 14. bxc3 Bb7
15. d4 Bb6 16. Qd3 a5 17. Rfe1 Ba6 18. Qf3 e5 19. Qh5 Ng6 20. Bd5 Rac8 21. dxe5
dxe5 22. Nd4 Qxc3 23. Nf5 Kh8 24. Qg4 Rc7 25. h4 Rg8 26. h5 Nf4 27. Nd6 Nxd5
28. exd5 Qd4 29. Qf5 f6 30. Qe6 Rf8 31. Nf5 Qc5 32. d6 Bc8 33. Qb3 Rcf7 34.
Rac1 Qb4 35. Qxb4 axb4 36. Ne7 Bd7 37. Nd5 Ba5 38. Red1 Rd8 39. Rb1 Kg8 40.
Nxb4 Rc8 41. Nd5 Kf8 42. f3 Ke8 43. Bf2 Bf5 44. Rbc1 Rxc1 45. Rxc1 Kd7 46. Bc5
Be6 47. Nb4 Bc4 48. a3 Ke6 49. Rd1 Rd7 50. Nc6 Bd8 51. f4 exf4 52. Nd4+ Kf7 53.
Nc6 g6 54. hxg6+ hxg6 55. Nb8 Rb7 56. Nc6 Rd7 57. Nb8 Rb7 58. Nc6 Ke8 59. Re1+
Kd7 60. Nb4 Be6 61. Nc2 Bb6 62. Bxb6 Rxb6 63. Nd4 Rxd6 64. Nxb5 Rd2 65. Nc3 f5
66. a4 Rc2 67. Ne2 Rc4 68. Rf1 g5 69. Ra1 Bd5 70. Kf2 Rc2 71. Rd1 Ke6 72. Ke1
Ke5 73. a5 Bxg2 74. a6 Ra2 75. Kf2 Be4 76. Rc1 Rxa6 77. Rc5+ Kd6 78. Rb5 Ra2
79. Ke1 f3 80. Nc3 f2+ 0-1

[Event "Erfurt m blitz (Women)"]
[Site "Erfurt"]
[Date "2017.08.03"]
[Round "8"]
[White "Kosteniuk, Alexandra"]
[Black "Paehtz, Elisabeth"]
[Result "0-1"]
[WhiteElo "2552"]
[BlackElo "2486"]
[PlyCount "110"]
[EventDate "2017.08.03"]
[EventType "match (blitz)"]
[EventRounds "8"]
[EventCountry "GER"]
[SourceTitle "CBM 179 Extra"]
[Source "ChessBase"]
[SourceDate "2017.08.23"]
[SourceVersion "1"]
[SourceVersionDate "2017.08.23"]
[SourceQuality "1"]

1. e4 e5 2. Nf3 Nc6 3. Bb5 a6 4. Ba4 Nf6 5. O-O Be7 6. Re1 b5 7. Bb3 d6 8. c3
O-O 9. h3 Nb8 10. d4 Nbd7 11. Nbd2 c5 12. dxe5 dxe5 13. Nf1 c4 14. Bc2 Qc7 15.
Ng3 Nc5 16. Qe2 Re8 17. b4 cxb3 18. axb3 Be6 19. Rb1 h6 20. Nd2 Bf8 21. Ndf1
Ncd7 22. Bb2 Rac8 23. Ne3 g6 24. Red1 Nb6 25. Ra1 Ra8 26. Qf3 Bg7 27. Rd2 h5
28. Rad1 Rad8 29. Nd5 Bxd5 30. exd5 Nc8 31. Ne4 Nxe4 32. Bxe4 Nd6 33. Bb1 e4
34. Qe2 e3 35. Rd3 exf2+ 36. Qxf2 Ne4 37. Qe3 b4 38. Kh1 bxc3 39. d6 Qd7 40.
Ba3 h4 41. Qf3 Ng3+ 42. Kg1 Qa7+ 43. Qf2 Qd7 44. Re3 Rxe3 45. Qxe3 Re8 46. Qc5
Rc8 47. Qf2 Rd8 48. Bd3 Bf8 49. Bc4 Ne4 50. Qd4 Nxd6 51. Qxc3 Qa7+ 52. Qd4 Nb5
53. Qxa7 Rxd1+ 54. Kf2 Nxa7 55. Bxf8 Kxf8 0-1

[Event "St Petersburg rapid"]
[Site "St Petersburg"]
[Date "2017.08.26"]
[Round "4"]
[White "Klimov, Sergey"]
[Black "Kosteniuk, Alexandra"]
[Result "1-0"]
[WhiteElo "2493"]
[BlackElo "2552"]
[PlyCount "93"]
[EventDate "2017.08.26"]
[EventType "swiss (rapid)"]
[EventRounds "11"]
[EventCountry "RUS"]
[SourceTitle "CBM 180 Extra"]
[Source "ChessBase"]
[SourceDate "2017.10.06"]
[SourceVersion "1"]
[SourceVersionDate "2017.10.06"]
[SourceQuality "1"]

1. e4 e5 2. Nf3 Nf6 3. d4 Nxe4 4. Bd3 d5 5. dxe5 Nc6 6. O-O Bg4 7. c4 Nc5 8.
Bg5 Be7 9. Bxe7 Nxe7 10. Nc3 Nxd3 11. Qxd3 dxc4 12. Qe4 Qc8 13. Ng5 h6 14. e6
f5 15. Qe5 O-O 16. f3 Bh5 17. Nh3 c6 18. Nf4 Be8 19. Rad1 Qb8 20. Qd4 b5 21.
Kh1 Qc7 22. Rfe1 g5 23. Nh3 c5 24. Qe3 f4 25. Qe2 Rd8 26. Rxd8 Qxd8 27. Nf2 Qd4
28. Ng4 h5 29. Rd1 Qg7 30. Ne5 Rf5 31. Rd8 Rxe5 32. Rxe8+ Kh7 33. Rxe7 Rxe2 34.
Rxg7+ Kxg7 35. Nxe2 Kf6 36. h4 Kxe6 37. hxg5 Kf5 38. g6 Kxg6 39. Nxf4+ Kf5 40.
Nxh5 b4 41. Ng3+ Kf4 42. Ne4 Ke3 43. Nxc5 c3 44. bxc3 bxc3 45. g4 c2 46. Nb3 a5
47. a4 1-0

[Event "St Petersburg rapid"]
[Site "St Petersburg"]
[Date "2017.08.27"]
[Round "7"]
[White "Kosteniuk, Alexandra"]
[Black "Lugovskoy, Maxim"]
[Result "1-0"]
[WhiteElo "2552"]
[BlackElo "2440"]
[PlyCount "73"]
[EventDate "2017.08.26"]
[EventType "swiss (rapid)"]
[EventRounds "11"]
[EventCountry "RUS"]
[SourceTitle "CBM 180 Extra"]
[Source "ChessBase"]
[SourceDate "2017.10.06"]
[SourceVersion "1"]
[SourceVersionDate "2017.10.06"]
[SourceQuality "1"]

1. e4 e6 2. d4 d5 3. Nc3 Bb4 4. e5 c5 5. a3 Bxc3+ 6. bxc3 Ne7 7. h4 b6 8. h5 h6
9. Qg4 Rg8 10. Bd3 Nf5 11. Ne2 Qc7 12. Bxf5 exf5 13. Qg3 Qc6 14. O-O Nd7 15. e6
fxe6 16. Bxh6 g5 17. Bxg5 Nf6 18. Qe3 Ne4 19. Bh4 Ba6 20. Rfe1 Bxe2 21. Rxe2
cxd4 22. cxd4 Rg4 23. Bg3 Kd7 24. Be5 Nc3 25. Rd2 Rag8 26. f3 Rh4 27. Qh6 Kc8
28. Qh7 Re8 29. g3 Ne4 30. fxe4 Rxe4 31. Qxa7 f4 32. Rb1 b5 33. Qb8+ Kd7 34.
Qxb5 Qxb5 35. Rxb5 fxg3 36. h6 Rh4 37. h7 1-0

[Event "St Petersburg rapid"]
[Site "St Petersburg"]
[Date "2017.08.27"]
[Round "8"]
[White "Alekseev, Evgeny V"]
[Black "Kosteniuk, Alexandra"]
[Result "1-0"]
[WhiteElo "2614"]
[BlackElo "2552"]
[PlyCount "85"]
[EventDate "2017.08.26"]
[EventType "swiss (rapid)"]
[EventRounds "11"]
[EventCountry "RUS"]
[SourceTitle "CBM 180 Extra"]
[Source "ChessBase"]
[SourceDate "2017.10.06"]
[SourceVersion "1"]
[SourceVersionDate "2017.10.06"]
[SourceQuality "1"]

1. e4 e5 2. Nf3 Nf6 3. Nxe5 d6 4. Nf3 Nxe4 5. d4 d5 6. Bd3 Bd6 7. O-O O-O 8. c4
c6 9. Re1 Bf5 10. Nc3 Nxc3 11. bxc3 Bxd3 12. Qxd3 dxc4 13. Qxc4 Nd7 14. Qb3 Qc7
15. c4 c5 16. d5 Ne5 17. g3 Nxf3+ 18. Qxf3 Be5 19. Rb1 b6 20. Bd2 Rae8 21. a4
Qd7 22. a5 bxa5 23. Bxa5 Qa4 24. Bc3 Qa3 25. Re3 Bxc3 26. Rxc3 Qa6 27. Kg2 f5
28. Rd1 f4 29. d6 Qa4 30. Qd5+ Kh8 31. Rf3 h6 32. d7 Rd8 33. Rxf4 Rxf4 34. gxf4
Qc2 35. Re1 Qg6+ 36. Kf3 Kh7 37. Re6 Qb1 38. Kg2 a5 39. f5 Qb8 40. f6 Qf4 41.
f7 Qg4+ 42. Kh1 a4 43. Re8 1-0

[Event "St Petersburg rapid"]
[Site "St Petersburg"]
[Date "2017.08.27"]
[Round "9"]
[White "Kosteniuk, Alexandra"]
[Black "Ponomarev, Dmitry"]
[Result "1-0"]
[WhiteElo "2552"]
[BlackElo "2417"]
[PlyCount "122"]
[EventDate "2017.08.26"]
[EventType "swiss (rapid)"]
[EventRounds "11"]
[EventCountry "RUS"]
[SourceTitle "CBM 180 Extra"]
[Source "ChessBase"]
[SourceDate "2017.10.06"]
[SourceVersion "1"]
[SourceVersionDate "2017.10.06"]
[SourceQuality "1"]

1. e4 d6 2. d4 Nf6 3. Nc3 e5 4. dxe5 dxe5 5. Qxd8+ Kxd8 6. Bc4 Ke8 7. Nf3 Bd6
8. Be3 a6 9. a4 b6 10. Nd5 Nbd7 11. Ng5 Rf8 12. f3 h6 13. Nh3 Bb7 14. Nc3 Ke7
15. Nf2 c6 16. Nd3 b5 17. Bb3 Rfc8 18. Nb1 c5 19. c4 b4 20. Nd2 Ne8 21. Nf1 h5
22. Bg5+ f6 23. Bh4 Nc7 24. Ne3 g6 25. Nd5+ Nxd5 26. exd5 Bxd5 27. cxd5 c4 28.
Bc2 cxd3 29. Bxd3 g5 30. Bf2 Bc5 31. h4 Bxf2+ 32. Kxf2 Nc5 33. Bf5 Rg8 34. Rac1
Kd6 35. Rc4 gxh4 36. Rhc1 Rg5 37. Rxc5 Rxf5 38. Ke3 Rf4 39. Ra5 Rd4 40. Rc6+
Ke7 41. Re6+ Kf7 42. Raxa6 Rxa6 43. Rxa6 Rxd5 44. Rb6 Rd4 45. a5 Rd5 46. a6 Ra5
47. Rb7+ Kg6 48. a7 Kf5 49. Kd3 Kf4 50. Kc4 h3 51. gxh3 Kxf3 52. Kxb4 Ra2 53.
Kc5 Kf2 54. b4 e4 55. Rf7 e3 56. Rxf6+ Kg3 57. Kb6 e2 58. Re6 Kf2 59. b5 e1=Q
60. Rxe1 Kxe1 61. Kb7 h4 1-0

[Event "St Petersburg rapid"]
[Site "St Petersburg"]
[Date "2017.08.27"]
[Round "10"]
[White "Lysyj, Igor"]
[Black "Kosteniuk, Alexandra"]
[Result "1-0"]
[WhiteElo "2618"]
[BlackElo "2552"]
[PlyCount "121"]
[EventDate "2017.08.26"]
[EventType "swiss (rapid)"]
[EventRounds "11"]
[EventCountry "RUS"]
[SourceTitle "CBM 180 Extra"]
[Source "ChessBase"]
[SourceDate "2017.10.06"]
[SourceVersion "1"]
[SourceVersionDate "2017.10.06"]
[SourceQuality "1"]

1. d4 Nf6 2. c4 e6 3. Nf3 Bb4+ 4. Bd2 Qe7 5. g3 Bxd2+ 6. Qxd2 Nc6 7. e3 d5 8.
Bg2 Ne4 9. Qc1 dxc4 10. O-O Nd6 11. Nbd2 e5 12. d5 Nb4 13. Nxc4 e4 14. Nfd2
Nxd5 15. Nxd6+ Qxd6 16. Nxe4 Qe7 17. Rd1 c6 18. Qc5 Qxc5 19. Nxc5 Nc7 20. b4
Ke7 21. a4 Rd8 22. Rxd8 Kxd8 23. b5 cxb5 24. Nxb7+ Bxb7 25. Bxb7 Rb8 26. Rd1+
Ke7 27. Bc6 Rd8 28. Rb1 bxa4 29. Bxa4 a5 30. Rb7 Kd6 31. Rb6+ Kc5 32. Rb7 Kd6
33. Rb6+ Kc5 34. Rc6+ Kb4 35. Rxc7 Kxa4 36. Rxf7 Rb8 37. Rxg7 h5 38. e4 Kb4 39.
e5 a4 40. Ra7 a3 41. f4 Rb6 42. Kg2 Kb3 43. Kf3 a2 44. f5 Rb5 45. Rxa2 Kxa2 46.
Kf4 Rb4+ 47. Kg5 Re4 48. e6 Kb3 49. Kxh5 Kc4 50. Kg5 Kd5 51. h4 Kd6 52. h5 Re3
53. g4 Ke7 54. Kg6 Kf8 55. h6 Kg8 56. g5 Re5 57. Kf6 Ra5 58. g6 Ra6 59. h7+ Kh8
60. Kf7 Ra8 61. e7 1-0